Marketingové prostredie a jeho úloha v činnosti firmy ProfiTour, s.r.o bakalárska práca

Gespeichert in:
Bibliographische Detailangaben
1. Verfasser: Ležátková, Jana
Körperschaft: Obchodná fakulta EU. Katedra marketingu
Weitere Verfasser: Francová, Zuzana, 1971-
Format: Buch
Sprache:Slowakisch
Veröffentlicht: Bratislava 2011
Tags: Tag hinzufügen
Keine Tags, Fügen Sie das erste Tag hinzu!

MARC

LEADER 00000nbm a2200000 4500
001 0132059
005 20161109111429.4
041 0 |a slo 
044 |a SK 
245 1 0 |a Marketingové prostredie a jeho úloha v činnosti firmy ProfiTour, s.r.o  |b bakalárska práca  |c Jana Ležátková ; školiteľ: Zuzana Francová 
264 1 |a Bratislava  |c 2011 
300 |a 63 s. 
100 1 |a Ležátková, Jana 
700 1 |a Francová, Zuzana, 1971- 
710 2 |a Obchodná fakulta EU. Katedra marketingu